| 000 | 00562pam a2200205 a 4500 | ||
|---|---|---|---|
| 001 | 3840322 | ||
| 005 | 20241125171559.0 | ||
| 008 | 870605s1988 nyua b 001 0 eng | ||
| 020 | _a0716719274 | ||
| 050 | 0 | 0 |
_aQB43.2 _b.K38 1988 |
| 082 | 0 | 0 |
_a523 _219 |
| 100 | 1 | _aKaufmann, William J. | |
| 245 | 1 | 0 |
_aUniverse / _cWilliam J. Kaufmann III. |
| 250 | _a2nd ed. | ||
| 260 |
_aNew York : _bW.H. Freeman and Company _cc1988. |
||
| 300 |
_axx, 634 p. : _bill. (some col.) ; _c27 cm. |
||
| 650 | 0 | _aAstronomy. | |
| 650 | 0 | _aCosmology. | |
| 942 |
_2lcc _cBK _e2nd Ed. _n0 |
||
| 999 |
_c1526 _d1526 |
||